| 000 | 01082cam a22003134a 4500 | ||
|---|---|---|---|
| 001 | 27826 | ||
| 003 | BD-RjUL | ||
| 005 | 20211209051216.0 | ||
| 008 | 140327s2010 ii d 000 0 eng | ||
| 020 | _a9788123918082 | ||
| 035 |
_a(DNLM)101204680 _a(BD-RjUL)27905 |
||
| 040 |
_aDNLM/DLC _cDLC _dDLC _dBD-RjUL _beng |
||
| 041 | _aeng | ||
| 060 | 1 | 0 |
_aQV 13 _bD55355 2004 |
| 082 | 0 | 0 |
_aR 615.103 _222 _bJAD 2010 |
| 100 | 1 |
_aJarald,E. Edwin. _985426 |
|
| 245 | 0 | 0 |
_aDictionary of pharmacy / _cJarald,E. Edwin. |
| 260 |
_aNew Delhi : _bCBS Publisher, _cc2010. |
||
| 300 |
_a243 p. ; _c19 cm. |
||
| 650 | 0 |
_aPharmacy _vDictionaries. _985408 |
|
| 650 | 1 | 2 |
_aPharmacy _vDictionary _xEnglish. _985409 |
| 650 | 2 | 2 |
_aPharmacology _vDictionary _xEnglish. _985410 |
| 700 | 1 |
_aJarald, Sheeja Edwin. _985427 |
|
| 830 | 0 |
_aPharmaceutical heritage. _985412 |
|
| 856 | 4 | 1 |
_3Table of contents _uhttp://www.loc.gov/catdir/toc/ecip0414/2004001894.html |
| 856 | 4 | 2 |
_3Publisher description _uhttp://www.loc.gov/catdir/enhancements/fy0810/2004001894-d.html |
| 942 |
_2ddc _cREF |
||
| 999 |
_c27826 _d27826 |
||